| 000 | 02284nam a2200433Ii 4500 | ||
|---|---|---|---|
| 001 | 9781787146747 | ||
| 003 | UtOrBLW | ||
| 005 | 20210303084929.0 | ||
| 006 | m o d | ||
| 007 | cr un||||||||| | ||
| 008 | 180615s2018 enk ob 001 0 eng d | ||
| 020 | _a9781787146747 (e-book) | ||
| 040 |
_aUtOrBLW _beng _erda _cUtOrBLW |
||
| 050 | 0 | 4 |
_aP96.S48 _bB47 2018 |
| 072 | 7 |
_aJFSJ1 _2bicssc |
|
| 072 | 7 |
_aSOC032000 _2bisacsh |
|
| 080 | _a305 | ||
| 082 | 0 | 4 |
_a306.44 _223 |
| 100 | 1 |
_aBerkers, Pauwke, _eauthor. |
|
| 245 | 1 | 0 |
_aGender inequality in metal music production / _cPauwke Berkers, Julian Schaap. |
| 264 | 1 | _bEmerald Publishing Limited, | |
| 300 | _a1 online resource (xx, 149 pages). | ||
| 490 | 0 | _aEmerald studies in metal music and culture | |
| 500 | _aIncludes index. | ||
| 504 | _aIncludes bibliographical references. | ||
| 520 | _aFor over four decades, scholars have been investigating male dominance - both symbolically and numerically -within popular music. The heavier genres of popular music, metal music in particular, have been male dominated spaces, which are difficult to navigate for women participating as fans, musicians, or both. Studies on gender inequality in metal music have convincingly demonstrated how gender dynamics shape the reception of metal music and metal scenes all over the globe. Yet, they shed relatively little light on the extent of and reasons for metal music's male domination from a production perspective. This book fills this gap, offering is a systematic and large-scale overview of gender inequality in metal music production. In other words: how many women - compared to men - are participating in metal bands and what are the causes for the differences in participation? | ||
| 588 | 0 | _aPrint version record | |
| 650 | 0 | _aMass media and sex. | |
| 650 | 0 | _aHeavy metal (Music) | |
| 650 | 7 |
_aSocial Science _xGender Studies. _2bisacsh |
|
| 650 | 7 |
_aGender studies: women. _2bicssc |
|
| 700 | 1 |
_aSchaap, Julian, _eauthor. |
|
| 776 | _z9781787146754 | ||
| 856 | 4 | 0 | _uhttps://www.emerald.com/insight/publication/doi/10.1108/9781787146747 |
| 999 |
_c30105 _d30105 |
||